| 000 | 01186nam a22003257a 4500 | ||
|---|---|---|---|
| 001 | 543 | ||
| 005 | 20231207152656.0 | ||
| 020 | _a9780375861048 (trade) | ||
| 020 | _a9780375895555 (ebook) | ||
| 040 |
_aDLC _cDLC _dDLC _beng |
||
| 050 | 0 | 0 |
_aPZ7.F96666 _bWon 2010 |
| 082 | 0 | 0 |
_a[Fic] _222 |
| 100 | 1 | _aFusco, Kimberly Newton. | |
| 245 | 1 | 4 |
_aThe wonder of Charlie Anne / _cKimberly Newton Fusco. |
| 250 | _aFirst Scholastic printing, September 2013 | ||
| 260 |
_aNew York : _bScholastic. _c2010. |
||
| 300 |
_a266 pages. ; _c20 cm |
||
| 505 | _aZ' | ||
| 520 | _aIn a 1930s Massachusetts farm town torn by the Depression, racial tension, and other hardships, Charlie Anne and her black next-door neighbor Phoebe form a friendship that begins to transform their community. | ||
| 521 |
_a970
_bLexile |
||
| 521 |
_aZ'
_bRaz-Plus |
||
| 650 | 1 |
_aRace relations _vFiction. |
|
| 650 | 1 |
_aFarm life _zMassachusetts _vFiction. |
|
| 650 | 1 |
_aDepressions _y1929 _vFiction. |
|
| 650 | 1 |
_aFriendship _vFiction. |
|
| 650 | 1 |
_aAfrican Americans _vFiction. |
|
| 650 | 1 |
_aFamily life _zMassachusetts _vFiction. |
|
| 906 |
_a7 _bcbc _corignew _d1 _eecip _f20 _gy-gencatlg |
||
| 942 |
_2ddc _cBK _n0 |
||
| 999 |
_c543 _d543 |
||